[Event "Las Palmas Centro Goya op"]
[Site "Las Palmas"]
[Date "2014.12.08"]
[Round "9"]
[White "Garcia Blanco, Omar"]
[Black "Ramirez Medina, Oscar"]
[Result "1-0"]
[WhiteElo "2268"]
[BlackElo "1893"]
[PlyCount "83"]
[EventDate "2014.12.01"]
[EventType "swiss"]
[EventRounds "9"]
[EventCountry "ESP"]
[SourceTitle "CBM 163 Extra"]
[Source "ChessBase"]
[SourceDate "2014.12.23"]
[SourceVersion "1"]
[SourceVersionDate "2014.12.23"]
[SourceQuality "1"]

1. e4 c5 2. c3 Nf6 3. e5 Nd5 4. d4 cxd4 5. Nf3 Nc6 6. cxd4 e6 7. Bc4 Bb4+ 8. Bd2 Nb6 9. Bd3 0-0 10. 0-0 Be7 11. Nc3 a6 12. Qe2 d5 13. exd6 Bxd6 14. Rad1 h6 15. Bb1 Nd5 16. Rfe1 Nf6 17. Ne4 Nxe4 18. Qxe4 f5 19. Qe2 Qf6 20. a3 Ne7 21. Ba2 Nd5 22. Ne5 Qh4 23. g3 Qf6 24. Qf3 Ne7 25. Bc3 Bxe5 26. dxe5 Qf7 27. Rd6 Kh7 28. Red1 g5 29. h3 Rb8 30. Rb6 Nc6 31. Rd6 Qc7 32. Qe3 Re8 33. h4 Bd7 34. hxg5 hxg5 35. Qxg5 Rg8 36. Qh4+ Kg6 37. Qf6+ Kh7 38. Bxe6 Bxe6 39. Rxe6 Rxg3+ 40. fxg3 Qxb6+ 41. Kg2 Qe3 42. Qf7+ 1-0

[Event "Las Palmas Insular-chT Pref-B"]
[Site "Las Palmas"]
[Date "2014.11.22"]
[Round "1.4"]
[White "Mesa Cabrera, Jonathan"]
[Black "Ramirez Medina, Oscar"]
[Result "0-1"]
[WhiteElo "1776"]
[BlackElo "1893"]
[PlyCount "60"]
[EventDate "2014.11.22"]
[EventType "team-tourn"]
[EventRounds "14"]
[EventCountry "ESP"]
[SourceTitle "EXT 2016"]
[Source "ChessBase"]
[SourceDate "2015.10.08"]
[SourceVersion "1"]
[SourceVersionDate "2015.10.08"]
[SourceQuality "1"]
[WhiteTeam "Victoria Real"]
[BlackTeam "Villa de Teror Goya III"]
[WhiteTeamCountry "ESP"]
[BlackTeamCountry "ESP"]

1. e4 c5 2. c4 d6 3. Nc3 Nc6 4. Nge2 Bg4 5. f3 Bd7 6. d4 cxd4 7. Nxd4 e6 8. Ndb5 Qb8 9. Be3 Nf6 10. Qd2 a6 11. Nd4 Nxd4 12. Bxd4 Be7 13. Rd1 0-0 14. c5 d5 15. e5 Ne8 16. Bd3 f6 17. f4 Qc8 18. Qe3 fxe5 19. Qh3 g6 20. Bxe5 Nf6 21. Rf1 Bxc5 22. Qh6 Qe8 23. Rf3 Qf7 24. Rg3 Qg7 25. Qh3 b5 26. f5 exf5 27. Kf1 Rae8 28. Bf4 Ne4 29. Bxe4 fxe4 30. Qh4 Rxf4+ 0-1

[Event "Gran Canaria-ch Seniors"]
[Site "Las Palmas"]
[Date "2012.04.12"]
[Round "1.6"]
[White "Ramirez Medina, Oscar"]
[Black "Berciano Reyero, Jose Elias"]
[Result "1-0"]
[WhiteElo "1875"]
[BlackElo "1869"]
[PlyCount "63"]
[EventDate "2012.04.12"]
[EventType "swiss"]
[EventRounds "6"]
[EventCountry "ESP"]
[SourceTitle "EXT 2024"]
[Source "ChessBase"]
[SourceDate "2023.10.10"]
[SourceVersion "1"]
[SourceVersionDate "2023.10.10"]
[SourceQuality "1"]

1. Nf3 e6 2. g3 d5 3. b3 b6 4. Bb2 Nf6 5. Bg2 Bb7 6. 0-0 c5 7. e3 Nbd7 8. d4 Qc7 9. Nbd2 0-0-0 10. c4 Kb8 11. Rc1 dxc4 12. bxc4 cxd4 13. exd4 Ne4 14. Nb3 Ndc5 15. Qe2 Na4 16. Ba1 f6 17. Bh3 Ba3 18. Rc2 Qf7 19. Qe3 g5 20. Na5 Bb4 21. Nxb7 Qxb7 22. Qb3 Nac5 23. Qxb4 Nd3 24. Qb3 Nec5 25. dxc5 Nxc5 26. Qa3 Rd3 27. Rc3 Rhd8 28. Bg2 Qf7 29. Ne1 Rd1 30. Rc1 e5 31. Rxd1 Rxd1 32. Qf3 1-0

[Event "Gran Canaria Santana Memorial 1st"]
[Site "Gran Canaria"]
[Date "2012.02.15"]
[Round "3"]
[White "Ramirez Medina, Oscar"]
[Black "Santana Montjoy, Javier"]
[Result "0-1"]
[WhiteElo "1925"]
[BlackElo "1665"]
[PlyCount "90"]
[EventDate "2012.02.13"]
[EventType "swiss"]
[EventRounds "7"]
[EventCountry "ESP"]
[SourceTitle "CBM 146 Extra"]
[Source "ChessBase"]
[SourceDate "2012.02.29"]
[SourceVersion "1"]
[SourceVersionDate "2012.02.29"]
[SourceQuality "1"]

1. Nf3 c5 2. g3 d5 3. Bg2 Nf6 4. 0-0 Nc6 5. d4 Bg4 6. c3 e6 7. h3 Bh5 8. Qa4 Qb6 9. g4 Bg6 10. Ne5 cxd4 11. Nxc6 bxc6 12. cxd4 Bd6 13. Nc3 0-0 14. Qd1 Nd7 15. e4 Bc7 16. h4 h6 17. Na4 Qb5 18. Nc3 Qb8 19. f4 c5 20. f5 Bh7 21. g5 cxd4 22. Ne2 d3 23. Nc3 Bb6+ 24. Kh1 exf5 25. Bf4 Qd8 26. exd5 hxg5 27. hxg5 Nc5 28. d6 Ne4 29. Bxe4 fxe4 30. Nd5 e3 31. Nxe3 Bxe3 32. Bxe3 Be4+ 33. Kh2 Qxd6+ 34. Bf4 Qg6 35. Kg3 Rac8 36. Rc1 Rc2 37. Rf2 Rfc8 38. Qf1 Rd8 39. Rd2 Rdc8 40. Rf2 Qh5 41. Be3 a6 42. a4 R8c4 43. b3 Bf3 44. bxc4 Qg4+ 45. Kh2 Qh4+ 0-1

[Event "Las Palmas Cabildo sf"]
[Site "Las Palmas"]
[Date "2012.01.30"]
[Round "5"]
[White "Ramirez Medina, Oscar"]
[Black "Galvan Sarmiento, Jose Luis"]
[Result "0-1"]
[WhiteElo "1925"]
[BlackElo "1929"]
[PlyCount "88"]
[EventDate "2012.01.19"]
[EventType "swiss"]
[EventRounds "6"]
[EventCountry "ESP"]
[SourceTitle "EXT 2014"]
[Source "ChessBase"]
[SourceDate "2013.11.20"]
[SourceVersion "1"]
[SourceVersionDate "2013.11.20"]
[SourceQuality "1"]

1. e4 e6 2. d4 d5 3. Nc3 Nf6 4. e5 Nfd7 5. f4 c5 6. Nf3 Nc6 7. Be3 cxd4 8. Nxd4 a6 9. a3 Qc7 10. Be2 Bc5 11. Qd2 b5 12. 0-0 Qb6 13. Rad1 Bb7 14. b4 Bxd4 15. Bxd4 Nxd4 16. Qxd4 Rc8 17. Rf3 0-0 18. Kh1 Qxd4 19. Rxd4 Rc7 20. Bd3 g6 21. Nd1 Nb8 22. Bf1 Rxc2 23. Rf2 Rfc8 24. Kg1 Nd7 25. Rfd2 Nb6 26. Nf2 Rxd2 27. Rxd2 Rc3 28. Ra2 Nc4 29. a4 Ne3 30. Nd3 d4 31. Ra1 Nxf1 32. Nc5 Bd5 33. Kxf1 bxa4 34. Rxa4 Rc1+ 35. Ke2 Bc4+ 36. Kf3 Re1 37. Nxa6 d3 38. Nc7 Kg7 39. Ne8+ Kh6 40. g4 g5 41. fxg5+ Kxg5 42. Nd6 d2 43. Kg3 Rg1+ 44. Kf2 d1Q 0-1

[Event "Gran Canaria-ch Seniors"]
[Site "Las Palmas"]
[Date "2011.07.11"]
[Round "4.1"]
[White "Martinez Molina, Jose Juan"]
[Black "Ramirez Medina, Oscar"]
[Result "1-0"]
[WhiteElo "1835"]
[BlackElo "1931"]
[PlyCount "123"]
[EventDate "2011.06.28"]
[EventType "swiss"]
[EventRounds "5"]
[EventCountry "ESP"]
[SourceTitle "EXT 2024"]
[Source "ChessBase"]
[SourceDate "2023.10.10"]
[SourceVersion "1"]
[SourceVersionDate "2023.10.10"]
[SourceQuality "1"]

1. e4 c5 2. Nf3 d6 3. d4 cxd4 4. Nxd4 Nf6 5. Nc3 a6 6. Be2 e5 7. Nb3 Be6 8. 0-0 Be7 9. Kh1 0-0 10. f4 exf4 11. Bxf4 Nc6 12. Qe1 Ne5 13. Rd1 Qc7 14. Nd4 Ng6 15. Nxe6 fxe6 16. Bg3 Qc5 17. Qd2 Rad8 18. Qd4 Qg5 19. Qd2 Qc5 20. a3 Qc6 21. Qd4 b5 22. Bf3 e5 23. Qd2 a5 24. Nd5 Nxd5 25. exd5 Qc7 26. Be4 Rb8 27. Rxf8+ Nxf8 28. Rf1 Bf6 29. Qd3 Qc4 30. Qf3 b4 31. Bh4 Rb7 32. Bxf6 Rf7 33. Bd3 Qc7 34. Qg3 bxa3 35. bxa3 Qb7 36. c4 Kh8 37. Bg5 Ng6 38. Rxf7 Qxf7 39. Qf3 Qe8 40. h4 Nf8 41. Qf5 Kg8 42. Kh2 h6 43. Be3 g6 44. Qe4 Kg7 45. c5 dxc5 46. Bxc5 Nd7 47. Bf2 Nf6 48. Qc4 e4 49. Be2 Qe5+ 50. Bg3 Qxd5 51. Qxd5 Nxd5 52. Be5+ Kf8 53. Bd4 Ke7 54. Bc4 Kd6 55. Bxd5 Kxd5 56. Be3 h5 57. Kg3 Ke5 58. a4 Kf5 59. Bb6 g5 60. hxg5 Kxg5 61. Bxa5 h4+ 62. Kh3 1-0

[Event "Gran Canaria-ch Seniors"]
[Site "Las Palmas"]
[Date "2011.06.28"]
[Round "1.3"]
[White "Ramirez Medina, Oscar"]
[Black "Salazar Martin, Jose Maria"]
[Result "1-0"]
[WhiteElo "1931"]
[BlackElo "1880"]
[PlyCount "61"]
[EventDate "2011.06.28"]
[EventType "swiss"]
[EventRounds "5"]
[EventCountry "ESP"]
[SourceTitle "EXT 2024"]
[Source "ChessBase"]
[SourceDate "2023.10.10"]
[SourceVersion "1"]
[SourceVersionDate "2023.10.10"]
[SourceQuality "1"]

1. e4 d5 2. exd5 Qxd5 3. Nc3 Qe5+ 4. Nge2 Bg4 5. d4 Bxe2 6. Bxe2 Qa5 7. 0-0 e6 8. Bf4 Bd6 9. Bxd6 cxd6 10. Nb5 Qb6 11. a4 Nc6 12. Nxd6+ Ke7 13. d5 Ne5 14. Nb5 Rd8 15. c4 Nf6 16. d6+ Kf8 17. b4 a6 18. c5 Qc6 19. Nd4 Qd5 20. f4 Nc6 21. Nxc6 Qxc6 22. Bf3 Qd7 23. Qd3 g6 24. b5 a5 25. Qc3 Kg7 26. g4 Rhe8 27. g5 b6 28. gxf6+ Kg8 29. Bc6 Qa7 30. Bxe8 Rxe8 31. c6 1-0

[Event "Arucas op 7th"]
[Site "Arucas"]
[Date "2011.06.15"]
[Round "3"]
[White "Brito Garcia, Alfredo"]
[Black "Ramirez Medina, Oscar"]
[Result "1-0"]
[WhiteElo "2340"]
[BlackElo "1931"]
[PlyCount "73"]
[EventDate "2011.06.13"]
[EventType "swiss"]
[EventRounds "6"]
[EventCountry "ESP"]
[SourceTitle "EXT 2012"]
[Source "ChessBase"]
[SourceDate "2011.11.24"]
[SourceVersion "1"]
[SourceVersionDate "2011.11.24"]
[SourceQuality "1"]

1. c4 Nf6 2. Nf3 b6 3. d4 d5 4. cxd5 Nxd5 5. e4 Nf6 6. Nc3 e6 7. Qa4+ Bd7 8. Qc2 Nc6 9. a3 Be7 10. Bd3 h6 11. e5 Nd5 12. Be4 0-0 13. Nxd5 exd5 14. Bxd5 Qe8 15. Bxh6 gxh6 16. Qg6+ Kh8 17. Qxh6+ Kg8 18. Be4 f5 19. Bd5+ Rf7 20. e6 Bf8 21. Qe3 Kg7 22. exd7 Qxd7 23. Bxf7 Kxf7 24. 0-0 Re8 25. Qb3+ Kf6 26. d5 Ne5 27. Nxe5 Rxe5 28. Qc3 f4 29. Rfe1 Bd6 30. Re4 Qf5 31. Rae1 Qg5 32. h4 Qf5 33. Rxe5 Bxe5 34. Qxe5+ Qxe5 35. Rxe5 Kxe5 36. h5 Kf5 37. g4+ 1-0

[Event "Agueimes op 1st"]
[Site "Agueimes"]
[Date "2011.04.28"]
[Round "5"]
[White "Ramirez Medina, Oscar"]
[Black "Sanchez Ramirez, Gustavo"]
[Result "1-0"]
[WhiteElo "1931"]
[BlackElo "1653"]
[PlyCount "77"]
[EventDate "2011.04.24"]
[EventType "swiss"]
[EventRounds "5"]
[EventCountry "ESP"]
[SourceTitle "CBM 142 Extra"]
[Source "ChessBase"]
[SourceDate "2011.06.27"]
[SourceVersion "1"]
[SourceVersionDate "2011.06.27"]
[SourceQuality "1"]

1. e4 c5 2. g3 e5 3. Bg2 d6 4. Nc3 Nf6 5. d3 Be6 6. Bg5 h6 7. Bxf6 gxf6 8. Nge2 h5 9. h4 Bh6 10. Nd5 Nd7 11. Nec3 a6 12. a4 Bg4 13. Bf3 Rg8 14. Qe2 Rc8 15. Bxg4 hxg4 16. 0-0 Kf8 17. Nd1 Nb6 18. N5e3 Qd7 19. Nf5 Bg7 20. b3 d5 21. a5 Na8 22. Nde3 Nc7 23. c4 dxe4 24. dxe4 Ne6 25. Qxg4 Bh8 26. Qh5 Nf4 27. Qh6+ Ke8 28. Rad1 Ne2+ 29. Kg2 Nd4 30. Qh7 Rf8 31. Nd5 Qc6 32. Nfe7 Qe6 33. Nxc8 Qxc8 34. Rd3 Qg4 35. f3 Qd7 36. Qh6 f5 37. Qxh8 Qc8 38. Qxe5+ Ne6 39. exf5 1-0

[Event "Las Palmas op"]
[Site "Las Palmas"]
[Date "2010.12.08"]
[Round "9"]
[White "Gonzalez Garcia, Guillermo W"]
[Black "Ramirez Medina, Oscar"]
[Result "1-0"]
[WhiteElo "2215"]
[BlackElo "1940"]
[PlyCount "101"]
[EventDate "2010.12.02"]
[EventType "swiss"]
[EventRounds "9"]
[EventCountry "ESP"]
[SourceTitle "CBM 139 Extra"]
[Source "ChessBase"]
[SourceDate "2011.01.05"]
[SourceVersion "1"]
[SourceVersionDate "2011.01.05"]
[SourceQuality "1"]

1. c4 Nf6 2. Nf3 b6 3. g3 Bb7 4. Bg2 e6 5. Nc3 Be7 6. 0-0 0-0 7. Re1 d5 8. Ne5 Nbd7 9. d4 Ne4 10. cxd5 Nxc3 11. bxc3 Nxe5 12. dxe5 exd5 13. c4 Bb4 14. Bd2 Bxd2 15. Qxd2 c6 16. cxd5 cxd5 17. Rac1 Qd7 18. Qd4 Rac8 19. e4 Rc5 20. exd5 Rfc8 21. Rxc5 Rxc5 22. Rd1 Ba6 23. d6 Bc4 24. Rc1 Bxa2 25. Rxc5 bxc5 26. Qxc5 Be6 27. h3 g6 28. Kh2 Kg7 29. Qa5 h5 30. Qa6 h4 31. g4 Bxg4 32. hxg4 Qxg4 33. Qd3 Qf4+ 34. Kh1 Qc1+ 35. Qf1 Qc8 36. Bh3 Qc6+ 37. Bg2 Qd7 38. Qa1 Kh7 39. Qc3 Qf5 40. Bh3 Qxf2 41. d7 Qb6 42. Qc4 Qb7+ 43. Kg1 Qb6+ 44. Kf1 Qb1+ 45. Ke2 Qb2+ 46. Kd3 Qa3+ 47. Kd4 Qe7 48. Kd5 Qg5 49. Kd6 Kg7 50. Qc3 Kh7 51. Kc7 1-0

[Event "Gran Canaria Montalvo Memorial 3rd"]
[Site "Gran Canaria"]
[Date "2010.04.01"]
[Round "4"]
[White "Lopez Pereyra, Antonio"]
[Black "Ramirez Medina, Oscar"]
[Result "0-1"]
[WhiteElo "2097"]
[BlackElo "1914"]
[PlyCount "58"]
[EventDate "2010.03.29"]
[EventType "swiss"]
[EventRounds "9"]
[EventCountry "ESP"]
[SourceTitle "CBM 135 Extra"]
[Source "ChessBase"]
[SourceDate "2010.05.04"]
[SourceVersion "1"]
[SourceVersionDate "2010.05.04"]
[SourceQuality "1"]

1. e4 c5 2. Nf3 d6 3. d4 cxd4 4. Nxd4 Nf6 5. Nc3 a6 6. Bc4 e6 7. Bb3 Qc7 8. Bg5 Be7 9. Qf3 Nc6 10. 0-0-0 Na5 11. Kb1 Rb8 12. Qg3 h6 13. Bxf6 Bxf6 14. Ndb5 axb5 15. Nxb5 Qc5 16. Nxd6+ Kf8 17. Nf5 Nc6 18. Bd5 Qb4 19. c3 Bxc3 20. Bb3 Bf6 21. Rd8+ Nxd8 22. Qxb8 Qxe4+ 23. Ka1 Qe5 24. Qxe5 Bxe5 25. Ne3 Ke7 26. Nc4 Bc7 27. Re1 Nc6 28. g3 Rd8 29. f4 Na5 0-1

[Event "Gran Canaria Montalvo Memorial 3rd"]
[Site "Gran Canaria"]
[Date "2010.03.31"]
[Round "3"]
[White "Morales Camacho, Julian"]
[Black "Ramirez Medina, Oscar"]
[Result "1-0"]
[WhiteElo "2240"]
[BlackElo "1914"]
[PlyCount "83"]
[EventDate "2010.03.29"]
[EventType "swiss"]
[EventRounds "9"]
[EventCountry "ESP"]
[SourceTitle "CBM 135 Extra"]
[Source "ChessBase"]
[SourceDate "2010.05.04"]
[SourceVersion "1"]
[SourceVersionDate "2010.05.04"]
[SourceQuality "1"]

1. c4 c6 2. Nf3 d5 3. e3 Nf6 4. b3 Bf5 5. Bb2 e6 6. Be2 Bd6 7. 0-0 Nbd7 8. Nc3 0-0 9. Nh4 Bg6 10. g3 Qe7 11. Nxg6 hxg6 12. d4 a5 13. a3 Rfe8 14. f4 b6 15. Bf3 Rac8 16. Re1 Red8 17. Qe2 Bb8 18. Qg2 Qd6 19. Rad1 Ba7 20. Kh1 Qb8 21. a4 Qd6 22. Nb1 Qb8 23. g4 Ne8 24. Nd2 Nd6 25. Rc1 Nf6 26. Rc2 Nh7 27. h4 Qb7 28. c5 Ne8 29. g5 bxc5 30. dxc5 Nf8 31. Qh3 Qe7 32. Rec1 Nc7 33. Kg2 Na6 34. Bc3 Qc7 35. Be5 Qb7 36. h5 Nb4 37. Rc3 Na2 38. Rh1 f6 39. hxg6 Nxg6 40. Qh7+ Kf7 41. gxf6 Rg8 42. Bh5 1-0

[Event "Gran Canaria Montalvo Memorial 3rd"]
[Site "Gran Canaria"]
[Date "2010.03.29"]
[Round "1"]
[White "Hernandez Carmenates, Holden"]
[Black "Ramirez Medina, Oscar"]
[Result "1-0"]
[WhiteElo "2541"]
[BlackElo "1914"]
[PlyCount "37"]
[EventDate "2010.03.29"]
[EventType "swiss"]
[EventRounds "9"]
[EventCountry "ESP"]
[SourceTitle "CBM 135 Extra"]
[Source "ChessBase"]
[SourceDate "2010.05.04"]
[SourceVersion "1"]
[SourceVersionDate "2010.05.04"]
[SourceQuality "1"]

1. d4 d5 2. c4 c6 3. Nc3 Nf6 4. e3 e6 5. Nf3 Nbd7 6. Bd3 dxc4 7. Bxc4 b5 8. Bd3 Bb7 9. 0-0 a6 10. e4 c5 11. e5 Nd5 12. Ng5 Be7 13. Qh5 g6 14. Qh6 Bf8 15. Nxe6 Bxh6 16. Nxd8 Bxc1 17. Nxb7 Nxc3 18. Rfxc1 Na4 19. b3 1-0

[Event "Las Palmas Dia Universa"]
[Site "Las Palmas"]
[Date "2009.10.26"]
[Round "5"]
[White "Leon Manas, Jose Francisco"]
[Black "Ramirez Medina, Oscar"]
[Result "1-0"]
[WhiteElo "1715"]
[BlackElo "1905"]
[PlyCount "103"]
[EventDate "2009.10.13"]
[EventType "swiss"]
[EventRounds "7"]
[EventCountry "ESP"]
[SourceTitle "EXT 2024"]
[Source "ChessBase"]
[SourceDate "2023.10.10"]
[SourceVersion "1"]
[SourceVersionDate "2023.10.10"]
[SourceQuality "1"]

1. b4 d5 2. Bb2 Bg4 3. g3 Nf6 4. Bg2 e6 5. Nf3 Bxb4 6. Ne5 Bf5 7. c4 c6 8. Qb3 Qb6 9. e3 Na6 10. Bd4 Nc5 11. Qb2 0-0 12. Nc3 dxc4 13. Bf1 Bxc3 14. Qxc3 Na4 15. Bxb6 Nxc3 16. Bc5 Rfd8 17. dxc3 Rd5 18. Bd4 c5 19. Bxc4 cxd4 20. Bxd5 Nxd5 21. cxd4 f6 22. Nc4 b5 23. Nd6 b4 24. Nxf5 exf5 25. Kd2 Nc3 26. f3 Na4 27. Rhc1 a5 28. Rc4 Rb8 29. a3 Nb6 30. Rc5 b3 31. Rb1 a4 32. Kc3 Re8 33. Re1 Kf7 34. Rxf5 Ke6 35. e4 Rb8 36. Re2 Nd7 37. Ra5 Rc8+ 38. Kb2 Nb6 39. Ra6 Rb8 40. Re1 f5 41. Rc1 Kd6 42. Rc5 fxe4 43. fxe4 g6 44. e5+ Kd7 45. Ra7+ Ke6 46. Rxh7 Nd5 47. Rg7 Ne3 48. Rxg6+ Kf5 49. Rf6+ Ke4 50. Rf4+ Kd3 51. Rc3+ Ke2 52. Re4 1-0

[Event "Las Palmas Dia Universa"]
[Site "Las Palmas"]
[Date "2009.10.22"]
[Round "3.5"]
[White "Arroyo Palacios, Jose Maria"]
[Black "Ramirez Medina, Oscar"]
[Result "0-1"]
[WhiteElo "1691"]
[BlackElo "1905"]
[PlyCount "67"]
[EventDate "2009.10.13"]
[EventType "swiss"]
[EventRounds "7"]
[EventCountry "ESP"]
[SourceTitle "EXT 2024"]
[Source "ChessBase"]
[SourceDate "2023.10.10"]
[SourceVersion "1"]
[SourceVersionDate "2023.10.10"]
[SourceQuality "1"]

1. e4 c5 2. Nc3 e6 3. f4 Nc6 4. Nf3 Nge7 5. d4 cxd4 6. Nxd4 d5 7. Bb5 a6 8. exd5 exd5 9. Ba4 Bd7 10. Bb3 Nxd4 11. Qxd4 Be6 12. 0-0 Nf5 13. Qd3 Bc5+ 14. Kh1 0-0 15. Bxd5 Qc8 16. Bxe6 Qxe6 17. Ne4 Ba7 18. Ng5 Qg6 19. b3 Rad8 20. Qf3 Rd7 21. g4 Nd4 22. f5 Qf6 23. Qc3 Qe5 24. Nf3 Nxf3 25. Rxf3 Bd4 26. Qd2 Bxa1 27. Qxd7 Qe1+ 28. Kg2 Qxc1 29. Qd3 Bf6 30. c4 Rd8 31. Qe4 h6 32. Qxb7 Rd2+ 33. Kh3 Be5 34. Rg3 0-1

[Event "Las Palmas De Pretemporada"]
[Site "Las Palmas"]
[Date "2009.09.25"]
[Round "4.2"]
[White "Sanchez Quintero, Raul"]
[Black "Ramirez Medina, Oscar"]
[Result "1-0"]
[WhiteElo "2160"]
[BlackElo "1905"]
[PlyCount "65"]
[EventDate "2009.09.14"]
[EventType "swiss"]
[EventRounds "6"]
[EventCountry "ESP"]
[SourceTitle "EXT 2024"]
[Source "ChessBase"]
[SourceDate "2023.10.10"]
[SourceVersion "1"]
[SourceVersionDate "2023.10.10"]
[SourceQuality "1"]

1. e4 c5 2. Nf3 d6 3. d4 cxd4 4. Nxd4 Nf6 5. Nc3 a6 6. Bg5 e6 7. f4 b5 8. Bd3 b4 9. Nce2 Be7 10. 0-0 Bb7 11. Ng3 Nbd7 12. Kh1 Nc5 13. e5 Nfe4 14. Nxe4 Nxe4 15. Bxe7 Qxe7 16. Qe1 d5 17. f5 0-0-0 18. a3 exf5 19. axb4 Qxe5 20. Nxf5 g6 21. Nh6 Qd4 22. Nxf7 Rhf8 23. Bxa6 Qb6 24. Bxb7+ Kxb7 25. Nxd8+ Rxd8 26. c4 Qd4 27. Rf7+ Kb8 28. c5 Rd7 29. Rf8+ Kb7 30. Qf1 Qc4 31. Qf4 Re7 32. Rb8+ Kc6 33. Rb6+ 1-0

[Event "Las Palmas De Pretemporada"]
[Site "Las Palmas"]
[Date "2009.09.24"]
[Round "3.3"]
[White "Ramirez Medina, Oscar"]
[Black "Garcia Van Isschot, Carlos"]
[Result "1-0"]
[WhiteElo "1905"]
[BlackElo "1680"]
[PlyCount "103"]
[EventDate "2009.09.14"]
[EventType "swiss"]
[EventRounds "6"]
[EventCountry "ESP"]
[SourceTitle "EXT 2024"]
[Source "ChessBase"]
[SourceDate "2023.10.10"]
[SourceVersion "1"]
[SourceVersionDate "2023.10.10"]
[SourceQuality "1"]

1. e4 e6 2. d4 d5 3. Nc3 dxe4 4. Nxe4 e5 5. d5 f5 6. Bg5 Be7 7. Bxe7 Qxe7 8. Bb5+ c6 9. dxc6 Qb4+ 10. Nc3 bxc6 11. Ba4 Qxb2 12. Nge2 Qb4 13. 0-0 Ne7 14. Bb3 Ng6 15. Rb1 Qe7 16. Re1 Be6 17. Nd4 Bxb3 18. Nxf5 Qd7 19. Qxd7+ Nxd7 20. cxb3 0-0 21. Ng3 Rf7 22. Nce4 Raf8 23. Rbc1 c5 24. f3 Nf4 25. Red1 h5 26. h4 Nf6 27. Nxc5 Re8 28. Rc2 Rc7 29. Rdd2 Rec8 30. b4 Rc6 31. a3 a6 32. Nge4 Nxe4 33. fxe4 Ne6 34. Rd5 Nd4 35. Rf2 Nb5 36. Rxe5 Rd6 37. Rd5 Rg6 38. Rxh5 Nxa3 39. Ra2 Rg3 40. Rg5 Rc3 41. Nxa6 Rc1+ 42. Kh2 R1c3 43. Rg3 Rc2 44. Raxa3 Rb2 45. e5 Rb1 46. Kh3 Rc4 47. Rg4 Rc2 48. Re3 Ra2 49. Nc5 Raa1 50. e6 Rh1+ 51. Kg3 Rhg1 52. e7 1-0